00711nam a2200217 a 450000100100000000500170001000800410002702000150006804000250008308200190010810000240012724500500015126000710020130000200027249000180029250000630031058600510037365000240042465000270044883000180047500001510120240412074242.0100201s2004 dr 000 p spa d a9993442267 aDO-SdBNPbspacBNPHU aRD861.5bR457e1 aReyes, Pablod1978-10aEspuma de ángel :bpoemario /cPablo Reyes. aSanto Domingo :bDirección General de la Feria del Libro,c2004. a49 p. ;c22 cm.1 aFerilibrov10 aIncluye datos biográficos del autor en la contracubierta aPremio de poesía joven Miguel Alfonseca 2003 0aPoesía dominicana 0aLiteratura dominicana. 0aFerilibrov10